000 00787nam a2200217Ia 4500
999 _c36693
_d36693
003 GCL
005 20240530103101.0
008 140319s199؟ ua 000 0 ara d
040 _aGCL /
_cGCL
082 0 4 _a960/
_bس م
100 1 _aسافلييف .ى
245 1 0 _aموحز تاريخ افريقيا /
_cتاليف ى. سافلييف، ج. فاسلييف ؛ تعريب امين شريف
260 _aالقاهرة :
_bمؤسسة العصر الحديث،
_c[199-].
300 _a167 ص. ؛
_c16 سم.
650 0 7 _2qrmak
_aالامبريالية
650 0 7 _2qrmak
_aالحضارة الافريقية
651 0 7 _2qrmak
_aافريقيا
_xتاريخ
700 1 _aفاسلييف . ج .
_eمؤلف مشارك
700 0 _aامين الشريف
_eمعريب
942 _2ddc
_cBK